Search the Library Catalogue
| 000 -LEADER | |
|---|---|
| fixed length control field | 01086nam a2200217Ia 4500 |
| 008 - FIXED-LENGTH DATA ELEMENTS--GENERAL INFORMATION | |
| fixed length control field | 250326s9999 xx 000 0 und d |
| 020 ## - INTERNATIONAL STANDARD BOOK NUMBER | |
| ISBN | 9781284284300 |
| Paper back/Hardbound | pbk |
| 041 ## - LANGUAGE CODE | |
| Language code of text/sound track or separate title | eng |
| 082 ## - DEWEY DECIMAL CLASSIFICATION NUMBER | |
| Classification number | 613.202 |
| Item number | FIN |
| 100 ## - MAIN ENTRY--AUTHOR NAME | |
| Personal name | Fink, Heather Hedrick |
| 245 #0 - TITLE STATEMENT | |
| Title | Practical Applications In Sports Nutrition |
| Statement of responsibility, etc | / Heather Hedrick Fink, Alan E. Mikesky. |
| 250 ## - EDITION STATEMENT | |
| Edition statement | 7th ed. |
| 260 ## - PUBLICATION, DISTRIBUTION, ETC. (IMPRINT) | |
| Name of publisher | Jones & Bartlett Learning |
| Place of publication | Burlington |
| Year of publication | [2025] |
| 300 ## - PHYSICAL DESCRIPTION | |
| Number of Pages | xxii, 500 p. |
| Other physical details | : col. ill. |
| Dimensions | ; 26 cm. |
| 504 ## - BIBLIOGRAPHY, ETC. NOTE | |
| Bibliography, etc | Includes bibliographies and index |
| 520 ## - SUMMARY, ETC. | |
| Summary, etc | Practical Applications in Sports Nutrition provides students with the latest sports nutrition information and dietary practices so they can assist athletes and fitness enthusiasts in achieving their personal performance goals. With data and statistics from the latest nutrition research and guidelines, it demonstrates effective ways to communicate sports nutrition messages to athletes and how to motivate individuals to make permanent behavior change. |
| 650 ## - SUBJECT ADDED ENTRY--TOPICAL TERM | |
| Topical Term | Athletes nutrition |
| 700 ## - ADDED ENTRY--PERSONAL NAME | |
| Personal name | Mikesky, Alan E |
| 942 ## - ADDED ENTRY ELEMENTS (KOHA) | |
| Koha item type | Reference |
| Withdrawn status | Lost status | Damaged status | Not for loan | Home library | Current library | Shelving location | Date acquired | Full call number | Accession Number | Price effective from | Koha item type |
|---|---|---|---|---|---|---|---|---|---|---|---|
| Anna Centenary Library | Anna Centenary Library | 5TH FLOOR, B WING | 28.01.2025 | 613.202 FIN | 701458 | 26.03.2025 | Reference |